000 00984 a2200241 4500
003 Nust
005 20220816123147.0
010 _a 2002278631
020 _a0072133716
035 _a(OCoLC)ocm47192429
040 _cNust
082 0 0 _a005.133,MCC
100 1 _aMcCarty, Bill,
_997445
245 1 0 _aPHP 4 :
_ba beginner's guide /
_cBill McCarty.
246 1 4 _aPHP4
260 _aNew York :
_bOsborne/McGraw-Hill,
_cc2001.
300 _axxi, 567 p. :
_bill. ;
_c24 cm.
505 _aPart-1: Writing Basic PHP Programs (Page-3), Part-2: Writing More Advances PHP Programs (Page-990, Part-3: Working With Stored Data (Page-199), Part-4: Using Advanced PHP Facilities (Page-339),Part-4: Appendixes (Page-441).
650 0 _aPHP (Computer program language)
_997446
856 4 2 _3Publisher description
_uhttp://www.loc.gov/catdir/description/mh024/2002278631.html
856 4 2 _3Table of contents
_uhttp://www.loc.gov/catdir/toc/mh023/2002278631.html
942 _2ddc
_cBK
_k005.133,MCC
999 _c179545
_d179545